Plastic industry in Japan 2011 : product market study.
| Corporate Author: | |
|---|---|
| Format: | Book |
| Published: |
Tokyo:
MATRADE Tokyo,
2011.
|
| Series: | Product market study : 2011
|
| Subjects: |
| LEADER | 00531cam a2200157 7i4500 | ||
|---|---|---|---|
| 001 | 0000028469 | ||
| 005 | 20121030090000.0 | ||
| 090 | 0 | 0 | |a JAPN 338.476684 |b MAL |
| 110 | 2 | 0 | |a Malaysia External Trade Development Corporation (MATRADE) |
| 245 | 2 | 0 | |a Plastic industry in Japan 2011 : |b product market study. |
| 260 | 0 | 0 | |a Tokyo: |b MATRADE Tokyo, |c 2011. |
| 300 | # | # | |a 11 p. |
| 440 | 0 | 0 | |a Product market study : 2011 |
| 650 | 0 | 0 | |a Plastic industry -- |x Markets -- |z Japan |
| 651 | 0 | 0 | |a Japan |
| 999 | |a 0000031066 |b Book |c Countries |e Business Information Centre | ||